Science Quiz

Random Science Quiz
Score 0/10 Timer 10:00
0 Plays Today
Hint Answer % Correct
Mercury is named after what God?Messenger
85.7%
How many moons does Mercury have?None
71.4%
Period of rotation59 earth days
57.1%
Period of revolution 88 earth days
57.1%
What is the third stage of Mercurys evolution?Flooding
42.9%
What is the second stage of Mercurys evolution?Cratering
42.9%
Lowest temperatures -280°F
42.9%
What is classified as Mercurys atmosphere?Solar winds
28.6%
Highest temperatures300-450°F
28.6%
No rovers or landers, why come?Lack of atmosphere and it's fast rotation
28.6%
Remove Ads.
Support Sporcle.
Get the best of Sporcle when you Go Orange. This ad-free experience offers more features, more stats, and more fun while also helping to support Sporcle. Thank you for becoming a member.

You're not logged in!

Compare scores with friends on all Sporcle quizzes.
OR
Log In

Show Comments

Extras

Created Dec 11, 2014ReportNominate
Tags:Mercury

Top Quizzes Today


Score Distribution

Your Account Isn't Verified!

In order to create a playlist on Sporcle, you need to verify the email address you used during registration. Go to your Sporcle Settings to finish the process.

Report this User

Report this user for behavior that violates our Community Guidelines.

Details: